Every WWE PPV/PLE Main Event of the 2020s (No Royal Rumble) - Statistics

General Stats
  • This quiz has been taken 93 times
  • The average score is 156 of 180
Answer Stats
Event Year Answer Stipulation % Correct
Wrestlemania 2020 Brock Lesnar WWE Championship
97%
Crown Jewel 2021 Brock Lesnar WWE Universal Championship Match
97%
WWE Day 1 2022 Brock Lesnar Fatal Five-Way Match for the WWE Championship
97%
Elimination Chamber 2022 Brock Lesnar Elimination Chamber Match for the WWE Championship
97%
Wrestlemania 2022 Brock Lesnar Winner Takes All Match
97%
Summerslam 2022 Brock Lesnar Last Man Standing Match for the Undisputed WWE Universal Championship
97%
Backlash 2023 Brock Lesnar Singles Match
97%
Wrestlemania 2020 Drew McIntyre WWE Championship
97%
Hell in a Cell 2020 Drew McIntyre Hell in a Cell Match for the WWE Championship
97%
Survivor Series 2020 Drew McIntyre Singles Match
97%
Elimination Chamber 2021 Drew McIntyre Elimination Chamber Match for the WWE Championship
97%
Hell in a Cell 2021 Drew McIntyre Last Chance Match for the WWE Championship
97%
Backlash 2022 Drew McIntyre Six-Man Tag Team Match
97%
Money in the Bank 2022 Drew McIntyre Money in the Bank Match
97%
Clash at the Castle 2022 Drew McIntyre Undisputed WWE Universal Championship Match
97%
Survivor Series 2022 Drew McIntyre Wargames Match
97%
Survivor Series 2023 Drew McIntyre Wargames Match
97%
Clash at the Castle 2024 Drew McIntyre World Heavyweight Championship Match
97%
Clash of Champions 2020 Jey Uso WWE Universal Championship Match
97%
Backlash 2022 Jey Uso Six-Man Tag Team Match
97%
Survivor Series 2022 Jey Uso Wargames Match
97%
Wrestlemania 2023 Jey Uso Undisputed WWE Tag Team Championships Match
97%
Money in the Bank 2023 Jey Uso Bloodline Civil War Tag Team Match
97%
Summerslam 2023 Jey Uso Tribal Combat for the Undisputed WWE Universal Championship
97%
Survivor Series 2023 Jey Uso Wargames Match
97%
WWE Day 1 2022 Kevin Owens Fatal Five-Way Match for the WWE Championship
97%
Wrestlemania 2022 Kevin Owens No Holds Barred Match
97%
Survivor Series 2022 Kevin Owens Wargames Match
97%
Wrestlemania 2023 Kevin Owens Undisputed WWE Tag Team Championships Match
97%
Night of Champions 2023 Kevin Owens Undisputed WWE Tag Team Championships Match
97%
Money in the Bank 2024 Kevin Owens Six-Man Tag Team Match
97%
Payback 2020 Roman Reigns No Holds Barred Triple Threat Match
97%
Clash of Champions 2020 Roman Reigns WWE Universal Championship Match
97%
Survivor Series 2020 Roman Reigns Singles Match
97%
Fastlane 2021 Roman Reigns WWE Universal Championship Match
97%
Wrestlemania 2021 Roman Reigns Triple Threat Match for the WWE Universal Championship Match
97%
Backlash 2021 Roman Reigns WWE Universal Championship Match
97%
Money in the Bank 2021 Roman Reigns WWE Universal Championship Match
97%
Summerslam 2021 Roman Reigns WWE Universal Championship Match
97%
Extreme Rules 2021 Roman Reigns Extreme Rules Match for the WWE Universal Championship Match
97%
Crown Jewel 2021 Roman Reigns WWE Universal Championship Match
97%
Survivor Series 2021 Roman Reigns Singles Match
97%
Wrestlemania 2022 Roman Reigns Winner Takes All Match
97%
Backlash 2022 Roman Reigns Six-Man Tag Team Match
97%
Summerslam 2022 Roman Reigns Last Man Standing Match for the Undisputed WWE Universal Championship
97%
Clash at the Castle 2022 Roman Reigns Undisputed WWE Universal Championship Match
97%
Crown Jewel 2022 Roman Reigns Undisputed WWE Universal Championship Match
97%
Survivor Series 2022 Roman Reigns Wargames Match
97%
Elimination Chamber 2023 Roman Reigns Undisputed WWE Universal Championship Match
97%
Wrestlemania 2023 Roman Reigns Undisputed WWE Universal Championship Match
97%
Night of Champions 2023 Roman Reigns Undisputed WWE Tag Team Championships Match
97%
Money in the Bank 2023 Roman Reigns Bloodline Civil War Tag Team Match
97%
Summerslam 2023 Roman Reigns Tribal Combat for the Undisputed WWE Universal Championship
97%
Crown Jewel 2023 Roman Reigns Undisputed WWE Universal Championship Match
97%
Wrestlemania 2024 Roman Reigns Tag Team Match
97%
Wrestlemania 2024 Roman Reigns Bloodline Rules Match for the Undisputed WWE Universal Championship
97%
Bad Blood 2024 Roman Reigns Tag Team Match
97%
TLC: Tables, Ladders and Chairs 2020 The Fiend Firefly Inferno Match
97%
Hell in a Cell 2022 Cody Rhodes Hell in a Cell Match
95%
Wrestlemania 2023 Cody Rhodes Undisputed WWE Universal Championship Match
95%
Backlash 2023 Cody Rhodes Singles Match
95%
Survivor Series 2023 Cody Rhodes Wargames Match
95%
Wrestlemania 2024 Cody Rhodes Tag Team Match
95%
Wrestlemania 2024 Cody Rhodes Bloodline Rules Match for the Undisputed WWE Universal Championship
95%
Backlash 2024 Cody Rhodes Undisputed WWE Championship Match
95%
King and Queen of the Ring 2024 Cody Rhodes Undisputed WWE Championship Match
95%
Money in the Bank 2024 Cody Rhodes Six-Man Tag Team Match
95%
Summerslam 2024 Cody Rhodes Bloodline Rules Match for the Undisputed WWE Championship
95%
Bad Blood 2024 Cody Rhodes Tag Team Match
95%
Backlash 2022 Jimmy Uso Six-Man Tag Team Match
95%
Survivor Series 2022 Jimmy Uso Wargames Match
95%
Wrestlemania 2023 Jimmy Uso Undisputed WWE Tag Team Championships Match
95%
Money in the Bank 2023 Jimmy Uso Bloodline Civil War Tag Team Match
95%
Backlash 2020 Randy Orton Singles Match
95%
Hell in a Cell 2020 Randy Orton Hell in a Cell Match for the WWE Championship
95%
TLC: Tables, Ladders and Chairs 2020 Randy Orton Firefly Inferno Match
95%
Elimination Chamber 2021 Randy Orton Elimination Chamber Match for the WWE Championship
95%
Backlash 2022 Randy Orton Six-Man Tag Team Match
95%
Survivor Series 2023 Randy Orton Wargames Match
95%
Money in the Bank 2024 Randy Orton Six-Man Tag Team Match
95%
Bash in Berlin 2024 Randy Orton World Heavyweight Championship Match
95%
Money in the Bank 2022 Sami Zayn Money in the Bank Match
95%
Survivor Series 2022 Sami Zayn Wargames Match
95%
Elimination Chamber 2023 Sami Zayn Undisputed WWE Universal Championship Match
95%
Wrestlemania 2023 Sami Zayn Undisputed WWE Tag Team Championships Match
95%
Night of Champions 2023 Sami Zayn Undisputed WWE Tag Team Championships Match
95%
Survivor Series 2023 Sami Zayn Wargames Match
95%
WWE Day 1 2022 Seth "Freakin" Rollins Fatal Five-Way Match for the WWE Championship
95%
Elimination Chamber 2022 Seth "Freakin" Rollins Elimination Chamber Match for the WWE Championship
95%
Hell in a Cell 2022 Seth "Freakin" Rollins Hell in a Cell Match
95%
Money in the Bank 2022 Seth "Freakin" Rollins Money in the Bank Match
95%
Extreme Rules 2022 Seth "Freakin" Rollins Fight Pit Match
95%
Payback 2023 Seth "Freakin" Rollins World Heavyweight Championship Match
95%
Fastlane 2023 Seth "Freakin" Rollins Last Man Standing Match for the World Heavyweight Championship
95%
Survivor Series 2023 Seth "Freakin" Rollins Wargames Match
95%
Wrestlemania 2024 Seth "Freakin" Rollins Tag Team Match
95%
Survivor Series 2022 Solo Sikoa Wargames Match
95%
Night of Champions 2023 Solo SIkoa Undisputed WWE Tag Team Championships Match
95%
Money in the Bank 2023 Solo Sikoa Bloodline Civil War Tag Team Match
95%
Money in the Bank 2024 Solo Sikoa Six-Man Tag Team Match
95%
Summerslam 2024 Solo Sikoa Bloodline Rules Match for the Undisputed WWE Championship
95%
Bad Blood 2024 Solo Sikoa Tag Team Match
95%
Survivor Series 2021 Big E Singles Match
94%
WWE Day 1 2022 Big E Fatal Five-Way Match for the WWE Championship
94%
Extreme Rules 2020 Bray Wyatt Wyatt Swamp Fight
94%
Super ShowDown 2020 "The Fiend" Bray Wyatt WWE Universal Championship Match
94%
Summerslam 2020 "The Fiend" Bray Wyatt Falls Count Anywhere
94%
Payback 2020 "The Fiend" Bray Wyatt No Holds Barred Triple Threat Match
94%
Extreme Rules 2020 Braun Strowman Wyatt Swamp Fight
92%
Summerslam 2020 Braun Strowman Falls Count Anywhere
92%
Payback 2020 Braun Strowman No Holds Barred Triple Threat Match
92%
Survivor Series 2023 Damian Priest Wargames Match
92%
Clash at the Castle 2024 Damian Priest World Heavyweight Championship Match
92%
Wrestlemania 2020 AJ Styles Boneyard Match
91%
Money in the Bank 2020 AJ Styles Men's MITB Match
91%
Elimination Chamber 2021 AJ Styles Elimination Chamber Match for the WWE Championship
91%
Elimination Chamber 2022 AJ Styles Elimination Chamber Match for the WWE Championship
91%
Backlash 2024 AJ Styles Undisputed WWE Championship Match
91%
Backlash 2020 Edge Singles Match
89%
Wrestlemania 2021 Edge Triple Threat Match for the WWE Universal Championship Match
89%
Money in the Bank 2021 Edge WWE Universal Championship Match
89%
Wrestlemania 2021 Bianca Belair WWE Smackdown Women's Championship Match
88%
Money in the Bank 2020 Daniel Bryan Men's MITB Match
88%
Fastlane 2021 Daniel Bryan WWE Universal Championship Match
88%
Wrestlemania 2021 Daniel Bryan Triple Threat Match for the WWE Universal Championship Match
88%
Survivor Series 2023 "Dirty" Dominik Mysterio Wargames Match
88%
Survivor Series 2023 Finn Balor Wargames Match
88%
Extreme Rules 2021 "The Demon" Finn Balor Extreme Rules Match for the WWE Universal Championship Match
88%
Super ShowDown 2020 Goldberg WWE Universal Championship Match
86%
Bash in Berlin 2024 Gunther World Heavyweight Championship Match
86%
Hell in a Cell 2021 Bobby Lashley Last Chance Match for the WWE Championship
84%
WWE Day 1 2022 Bobby Lashley Fatal Five-Way Match for the WWE Championship
84%
Money in the Bank 2024 Jacob Fatu Six-Man Tag Team Match
83%
Bad Blood 2024 Jacob Fatu Tag Team Match
83%
Money in the Bank 2020 Rey Mysterio Men's MITB Match
83%
Summerslam 2021 John Cena WWE Universal Championship Match
80%
Elimination Chamber 2024 Rhea Ripley Women's World Championship Match
80%
Wrestlemania 2020 The Undertaker Boneyard Match
80%
Elimination Chamber 2020 Asuka Elimination Chamber Match
78%
Money in the Bank 2020 Asuka Women's MITB Match
78%
Wrestlemania 2021 Sasha Banks WWE Smackdown Women's Championship Match
78%
Elimination Chamber 2021 Sheamus Elimination Chamber Match for the WWE Championship
78%
Money in the Bank 2022 Sheamus Money in the Bank Match
78%
Survivor Series 2022 Sheamus Wargames Match
78%
Elimination Chamber 2022 Austin Theory Elimination Chamber Match for the WWE Championship
75%
Payback 2023 Shinsuke Nakamura World Heavyweight Championship Match
75%
Fastlane 2023 Shinsuke Nakamura Last Man Standing Match for the World Heavyweight Championship
75%
Money in the Bank 2022 Theory Money in the Bank Match
75%
Wrestlemania 2024 The Rock Tag Team Match
75%
Crown Jewel 2023 LA Knight Undisputed WWE Universal Championship Match
73%
Crown Jewel 2022 Logan Paul Undisputed WWE Universal Championship Match
73%
King and Queen of the Ring 2024 Logan Paul Undisputed WWE Championship Match
73%
Extreme Rules 2022 Matt Riddle Fight Pit Match
72%
Elimination Chamber 2022 Riddle Elimination Chamber Match for the WWE Championship
72%
Backlash 2022 Riddle Six-Man Tag Team Match
72%
Money in the Bank 2022 Riddle Money in the Bank Match
72%
Wrestlemania 2022 Stone Cold Steve Austin No Holds Barred Match
72%
Money in the Bank 2020 Nia Jax Women's MITB Match
70%
Elimination Chamber 2024 Nia Jax Women's World Championship Match
70%
Money in the Bank 2024 Tama Tonga Six-Man Tag Team Match
70%
Elimination Chamber 2020 Liv Morgan Elimination Chamber Match
69%
Survivor Series 2023 JD McDonagh Wargames Match
67%
Elimination Chamber 2021 Kofi Kingston Elimination Chamber Match for the WWE Championship
66%
Money in the Bank 2020 Otis Men's MITB Match
64%
Backlash 2021 Cesaro WWE Universal Championship Match
63%
Survivor Series 2022 Butch Wargames Match
61%
Survivor Series 2022 Ridge Holland Wargames Match
58%
Elimination Chamber 2020 Shayna Baszler Elimination Chamber Match
48%
Money in the Bank 2020 Shayna Baszler Women's MITB Match
48%
Elimination Chamber 2021 Jeff Hardy Elimination Chamber Match for the WWE Championship
45%
Money in the Bank 2020 King Corbin Men's MITB Match
44%
Elimination Chamber 2020 Natalya Elimination Chamber Match
44%
Money in the Bank 2020 Aleister Black Men's MITB Match
41%
Money in the Bank 2020 Carmella Women's MITB Match
41%
Elimination Chamber 2020 Sarah Logan Elimination Chamber Match
36%
Money in the Bank 2020 Lacey Evans Women's MITB Match
30%
Money in the Bank 2022 Omos Money in the Bank Match
30%
Elimination Chamber 2020 Ruby Riott Elimination Chamber Match
30%
Money in the Bank 2020 Dana Brooke Women's MITB Match
25%
Money in the Bank 2022 Madcap Moss Money in the Bank Match
16%
No matching quizzes found
Score Distribution
Percent of People with Each Score
Percentile by Number Answered
Your Score History
You have not taken this quiz